000 00603nam a2200217 a 4500
001 BRL_861
005 20190320210929.0
008 211013s1963----mx-#######---#000-0#spa-#
041 _aspa
044 _amx
050 4 _aPN1998.3
_b.C33 1963
100 1 _aCabada, Juan de la
_925162
245 1 0 _aEl brazo fuerte
_bGuión Cinematográfico
_cJuan de la Cabada.
260 _aXalapa, Veracruz
_bUniversidad Veracruzana
_c1963
300 _a170 p.
_c20 cm.
440 0 _aFicción
_v51
_925163
500 _aAu956
650 1 4 _aGuiones cinematográficos
_zMéxico
_925164
902 _aGRL
942 _2lcc
_cB
999 _c9673
_d9673